[Event "Chigorin Memorial 26th"]
[Site "St Petersburg"]
[Date "2018.11.02"]
[Round "7"]
[White "Chagina, Ulyana"]
[Black "Airapetyan, Anzhelika"]
[Result "1-0"]
[WhiteElo "1727"]
[BlackElo "1397"]
[PlyCount "79"]
[EventDate "2018.10.27"]
[EventType "swiss"]
[EventRounds "9"]
[EventCountry "RUS"]
[SourceTitle "CBM 187 Extra"]
[Source "ChessBase"]
[SourceDate "2018.11.04"]
[SourceVersion "1"]
[SourceVersionDate "2018.11.04"]
[SourceQuality "1"]

1. d4 Nf6 2. Nf3 e6 3. e3 b6 4. Bd3 Bb7 5. 0-0 Be7 6. c4 0-0 7. Nc3 d5 8. b3 Ne4 9. Bb2 f5 10. Nd2 g5 11. Ndxe4 dxe4 12. Bc2 g4 13. d5 e5 14. f3 Bc5 15. Qe2 gxf3 16. gxf3 Qg5+ 17. Kh1 Qxe3 18. Qg2+ Kf7 19. fxe4 Ke8 20. Nb5 Bd6 21. Bc1 Qc5 22. Ba3 Qe3 23. Bxd6 cxd6 24. Nxd6+ Kd8 25. Nxb7+ Ke7 26. Qg7+ Rf7 27. d6+ Ke6 28. Nd8+ Kxd6 29. Nxf7+ Kc5 30. Qxe5+ Kc6 31. Qd5+ Kc7 32. Qxa8 Nc6 33. Qe8 fxe4 34. Qxe4 Qxe4+ 35. Bxe4 Kd7 36. Bxc6+ Kxc6 37. Rad1 Kc5 38. a3 a5 39. Rf6 b5 40. Rd5# 1-0